| 000 | 01402cam a22003371 4500 | ||
|---|---|---|---|
| 999 |
_c27473 _d27473 |
||
| 001 | 8031450 | ||
| 003 | OSt | ||
| 005 | 20170208150944.0 | ||
| 008 | 800417s1967 ru a 000 0 rusr | ||
| 010 | _a 70213471 | ||
| 035 | _a(OCoLC)6216623 | ||
| 040 |
_aDLC _cICSU _dICSU _dDLC |
||
| 041 | 1 | _arusengfre | |
| 042 | _apremarc | ||
| 043 | _ae-ur-ru | ||
| 050 | 0 | 0 | _aNK7660 .S67 1967 |
| 245 | 0 | 0 |
_aSokrovishcha almaznogo fonda SSSR; _b[alʹbom reprodukt︠s︡iǐ izbrannykh ėksponatov vystavki "Almaznyǐ fond SSSR"] Treasures of the USSR diamond fund. Les joyaux du fonds diamantaire de lÚRSS. [Pod obshcheǐ red. B.A. Rybakova. |
| 260 |
_aMoskva, _bSov. khudozhnik, _c1967. |
||
| 300 |
_a22 p., [68] l. of col. illus. _c28 cm. |
||
| 500 | _aOn leaf preceding t.p.: Ministerstvo finansov SSSR. Komitet po pechati pri Sovete Ministrov SSSR. | ||
| 500 | _aRussian, English or French. | ||
| 500 | _aPreface and legends also in English and Russian. | ||
| 650 | 0 | _aDiamonds. | |
| 650 | 0 |
_aGems, Russian _vExhibitions. |
|
| 700 | 1 |
_aRybakov, B. A. _q(Boris Aleksandrovich), _d1908-2001, _eed. |
|
| 740 | 0 | _aTreasures of the USSR diamond fund. | |
| 740 | 4 | _aLes joyaux du fonds diamantaire de lʹURSS. | |
| 906 |
_a7 _bcbc _coclcrpl _du _encip _f19 _gy-gencatlg |
||
| 942 |
_2lcc _cBOOKS _hNK7660 .S67 1967 _k34247 |
||